Born in Istanbul - Statistics

General Stats
  • This quiz has been taken 23 times
  • The average score is 10 of 20
Answer Stats
Hint Answer % Correct
President of Turkey since 2014 1954 Recep Tayyip Erdogan
95%
Archer and winner of the gold medal at the 2020 Olympics 1999 Mete Gazoz
70%
Member of the wealthiest Turkish family and President of Fenerbahce 1967 Ali Koc
65%
Albanian-Turkish sports official and Founder of Galatasaray 1886 Ali Sami Yen
65%
Politician who served as the Prime Minister of Turkey four times between 1974 to 2002 1925 Bülent Ecevit
65%
Byzantine Emperor from 913 to 959 905 Constantine VII
65%
Director and winner of the Palme d'Or, "Once Upon a Time in Anatolia" "Winter Sleep" 1959 Nuri Bilge Ceylan
65%
Singer and winner of the Eurovision Song Contest 2003, "Everyway That I Can" 1964 Sertab Erener
65%
Last Sultan of the Ottoman Empire 1842 Abdul Hamid II
55%
American director, "East of Eden" "A Streetcar Named Desire" "Gentleman's Agreement" 1909 Elia Kazan
55%
former NBA player (Magic, Kings, Clippers) and President of the Turkish Basketball Federation since 2016 1979 Hedo Türkoglu
55%
Businessman, former President of the Turkish Football Federation and former chair of Besiktas 1964 Yildirim Demirören
55%
Sultan of the Ottoman Empire from 1808 to 1839 1785 Mahmud II
50%
Journalist and human rights activist, he was murdered while editor-in-chief of "Milliyet" 1929 Abdi Ipekci
45%
Politician who served three times as Prime Minister of Turkey 1947 Mesut Yilmaz
45%
Byzantine Emperor from 1118 to 1143 1087 John II Komnenos
30%
Byzantine Emperor from 1341 to 1354 1295 John VI Kantakouzenos
30%
Byzantine Emperor from 886 to 912, called "the Wise" 866 Leo VI
25%
British-Armenian businessman, first person to exploit Iraqi oil and one of the world's wealthiest people at the end of his life 1869 Calouste Gulbenkian
20%
Armenian owner of the first coffeehouse in Vienna 1640 Johannes Theodat
5%
No matching quizzes found
Score Distribution
Percent of People with Each Score
Percentile by Number Answered
Your Score History
You have not taken this quiz